000 00755cam a22002411 4500
001 5509
003 BD-RjUL
005 20211208234059.0
008 131226r19601949nyu 001 0 eng d
035 _a(BD-RjUL)5545
040 _aDLC
_cODaWU
_dOCoLC
_dDLC
_dBD-RjUL
_beng
041 _aeng
082 0 0 _219
_a332.17540973
_bFUN 1960
110 2 _aInvestment Bankers Association of America.
_bEducation Committee.
_9140511
245 1 0 _aFundamentals of investment banking.
260 _aNew York :
_bPrentice-Hall,
_c1949 [printing 1960]
300 _axiv,803 p. ;
_c24 cm.
500 _a"Suggested readings": p. 783-784.
504 _aIncludes index.
650 0 _aInvestment banking
_zUnited States.
_917268
942 _2ddc
_cBK
999 _c5509
_d5509